Jugueteando 3 : juegos, actividades y lecturas para aprender a investigar y crear /

Guardado en:
Autor Principal: Rotstein de Gueller, Berta
Otros Autores: Mosches de Kosiner, Mirta, Lodi de Zemma, Edda
Formato: Libro
Publicado: Buenos Aires : Huemul
Materias:
Etiquetas: Agregar Etiqueta
Sin Etiquetas, Sea el primero en etiquetar este registro!
LEADER 00825nam a22002415a 4500
001 CEM.cems012549
005 20070823192059.0
008 130507b######################000#0#####d
003 CEMS
082 0 4 |a SG372.24 
100 1 |a Rotstein de Gueller, Berta 
245 1 0 |a Jugueteando 3 :  |b juegos, actividades y lecturas para aprender a investigar y crear /  |c Berta Rotstein de Gueller, Mirta Mosches de Kosiner, Edda Lodi de Zemma. 
260 |a Buenos Aires :  |b Huemul 
300 |a 148 p. 
500 |a Libro para 3º grado 
653 |a Biblioteca maría de los Ángeles saggio 
653 |a Educación 
653 |a Educación primaria 
653 |a Lengua 
653 |a Lengua-3º egb. 
700 1 |a Mosches de Kosiner, Mirta 
700 1 |a Lodi de Zemma, Edda 
859 |a CEMS  |b BIB. CEMS - 11 de abril  |h SG372.24  |i R747  |p 23782.07  |t Ej.1